01420naa a2200217 i 4500001000400000003000400004005001700008008003900025040002100064080001000085100015900095245009200254260001000346500013000356520040600486650002000892650001600912655003000928700015500958773008901113BPPBPK20180404093414.0140930s2002 pl f |100 0 pol cBPKdKOSZ 005/AR a628.3 aANIELAK, Anna Maria.d1996 - 2011.bPolitechnika Koszalińska - Wydział Budownictwa i Inżynierii Środowiska,cKatedra Technologii Wody i Ścieków aFizykochemiczne właściwości kwasów fulwowych /cAnna M. Anielak, Artur Majewski. c2002. aDane z Informatora o publikowanych wynikach prac naukowo-badawczych w 2002 Wydziału Budownictwa i Inżynierii Środowiska. aMetodą ekstrakcji i wymiany jonowej wyodrębniono z osadów dennych kwasy fulwowe o zmiennej zawartości metali śladowych. Kwasy te poddano analizie fizykochemicznej wyznaczając ich potencjał elektrokinetyczny, wielkość cząsteczek, absorbancję i przewodność właściwą roztworu, a także współzależność tych parametrów od zawartości w kwasach metali śladowych. 0aKwasy huminowe. 0aOsad denny. 0aMateriały konferencyjne. aMAJEWSKI, Artur.d1999 - 2007.bPolitechnika Koszalińska - Wydział Budownictwa i Inżynierii Środowiska,cKatedra Technologii Wody i Ścieków iW : tI Ogólnopolski Kongres Inżynierii Środowiska. -dLublin, 2002. -gs. 1-9